00406 2200157 4500001002100000008004100021035002000062245003900082100001700121260003200138300002200170020002200192084001400214082000800228990001200236INLIS000000000002815 IND  a0010-0925000162 aKarena Aku MemilihmucNenny Mahmun aNenny Mahmun aJakartabRumah Oranyec2014 a268c(13 x 19 cm) a978-602-1588-31-4 a813 NEN c a813 a0755037